WEBSPHERE MQ INTEGRATOR WORKSHOP (Record no. 3540)

MARC details
000 -LEADER
fixed length control field 00339nam a2200133Ia 4500
008 - FIXED-LENGTH DATA ELEMENTS--GENERAL INFORMATION
fixed length control field 240624s9999 xx 000 0 und d
041 ## - LANGUAGE CODE
Language code of text/sound track or separate title eng
082 ## - DEWEY DECIMAL CLASSIFICATION NUMBER
Classification number 005.376 IBM
100 ## - MAIN ENTRY--PERSONAL NAME
Personal name IBM
245 ## - TITLE STATEMENT
Title WEBSPHERE MQ INTEGRATOR WORKSHOP
260 ## - PUBLICATION, DISTRIBUTION, ETC.
Date of publication, distribution, etc. 2003
Place of publication, distribution, etc. New Delhi
Name of publisher, distributor, etc. Prentice-Hall India
300 ## - PHYSICAL DESCRIPTION
Extent xiii, , 304 , 23 : p. : cm
365 ## - TRADE PRICE
Currency code RS
Holdings
Withdrawn status Lost status Damaged status Not for loan Home library Current library Shelving location Date acquired Source of acquisition Cost, normal purchase price Full call number Barcode Date last seen Copy number Price effective from Koha item type
        IMTN IMTN Rack 3-A 05/12/2006 AP 250.00 005.376 IBM 3540 06/24/2024 1 06/24/2024 Books
Designed & Maintained by: LRC IMT Nagpur Contact: lrc@imtnag.ac.in© 2024. All Rights Reserved.